Лирический герой и тема поэта, поэзии и творчества у Есенина

Elmentve itt :
Bibliográfiai részletek
Szerző: Varju Léna
További közreműködők: Lepahin Valerij (Témavezető)
Dokumentumtípus: Szakdolgozat
Megjelent: 2001
Tárgyszavak:
Online Access:http://diploma.bibl.u-szeged.hu/133403
LEADER 00889nta a2200217 i 4500
001 dipl133403
005 20230425120854.0
008 230425s2001 hu om 0|| rus d
040 |a SZTE Diploma Repozitórium  |b hun 
041 |a rus 
100 1 |a Varju Léna 
245 1 0 |a Лирический герой и тема поэта, поэзии и творчества у Есенина  |h [elektronikus dokumentum] /  |c Léna Varju 
246 1 0 |a A lírai hős, a költő, a költészet és az alkotás témája Szergej Jeszenyin műveiben  |h [elektronikus dokumentum] 
260 |c 2001 
650 4 |a Bölcsészettudományok 
650 4 |a Humanities 
650 4 |a Languages and Literature 
650 4 |a General literature studies 
650 4 |a History of literature 
700 1 |a Lepahin Valerij  |e ths 
856 4 0 |u https://diploma.bibl.u-szeged.hu/id/eprint/133403/1/2001_varju_lena.pdf  |z Dokumentum-elérés